All Pokémon with Klutz - Statistics

General Stats
  • This quiz has been taken 7 times
  • The average score is 7 of 12
Answer Stats
(Avail)ability Pokémon % Correct
Second Ability Bewear
100%
Second Ability Lopunny
100%
Second Ability Stufful
100%
Second Ability Buneary
83%
Hidden Ability Audino
67%
Second Ability Golett
67%
Second Ability Golurk
67%
Hidden Ability Toxel
33%
Hidden Ability Capsakid
17%
Hidden Ability Fidough
17%
Second Ability Swoobat
17%
Second Ability Woobat
17%
No matching quizzes found
Score Distribution
Percent of People with Each Score
Percentile by Number Answered
Your Score History
You have not taken this quiz